BIRDS OF A FEATHER - Billie Eilish - Statistiques

Statistiques générales
  • Ce quiz a été pris 490 fois
  • Le résultat moyen est 221 sur 291
Statistiques - réponses
Réponse % Correct
a
99%
I
99%
to
99%
you
96%
you,
96%
You
96%
the
95%
of
93%
Birds
91%
feather,
91%
want
91%
we
91%
don't
90%
Don't
90%
be
89%
I'm
89%
in
88%
stay
88%
together,
88%
and
87%
And
87%
know
87%
'Til
87%
'til
87%
('til
87%
for
85%
go,
84%
it
84%
It
84%
it,
84%
love
84%
should
84%
was
83%
If
80%
if
80%
baby
79%
baby,
79%
better
79%
grave
79%
stick
79%
But
78%
but
78%
die
78%
die)
78%
forever
77%
forever,
77%
me
77%
me,
77%
my
77%
day
76%
not
76%
think
76%
could
75%
more
75%
away,
74%
always
73%
crying
73%
it's
73%
that
73%
too,
73%
even
72%
'Cause
71%
never
71%
what
71%
going
70%
alone
69%
carry
68%
dead
68%
change
67%
eyes
67%
eyes)
67%
might
67%
Might
67%
said
67%
Can't
65%
wasn't
65%
weather,
65%
blue,
63%
please
63%
casket
62%
save
62%
Say
62%
say
62%
so
62%
see,
61%
see
61%
buried
59%
Nothing
58%
turning
58%
without
58%
your
57%
lose
55%
goodbye
54%
wanna
54%
I'd
53%
left
53%
shit,
53%
told
51%
full
50%
How
50%
I'll
50%
light
50%
look
50%
rot
50%
would
50%
long,
49%
believe
48%
leaves
48%
you're
44%
Tell
43%
wouldn't
42%
ya
40%
compliments
39%
oh
38%
stupid
38%
life
35%
hm
34%
throw
33%
had
32%
uh
32%
bit,
30%
act
28%
another
28%
alright
27%
knew
27%
same
27%
mind's
26%
keep
25%
quit,
25%
surprised
25%
polluted
24%
Aucun quiz correspondant
Distribution des résultats
% des personnes avec chaque résultat
Percentile par nombre de réponses
Votre historique - résultats
Vous n’avez pas pris ce quiz